01371nam a2200397 i 450000100060000000300090000600500170001500800390003201500170007104000410008804600090012908000100013808000100014808000120015810000440017024501220021426000550033630000390039133600270043033700540045733800280051138000160053938500230055538800140057838800140059250400480060665000230065465800280067765000160070565500200072165000170074170000430075870000330080171000410083485600980087514463KOSZ 00520200418132303.0070608s1972 pl a f 001 0 pol aPB 1972/3193 aWA NcWA NdKOSZ 005/ECdKOSZ 005/HR k1972 a620.1 a669.1 a(084.1)1 aSękowski, Kazimierzd(1926- ).eAutor10aAtlas struktur znormalizowanych stopów odlewniczych /cKazimierz Sękowski, Jerzy Piaskowski, Zdzisław Wojtowicz. aWarszawa :bWydawnictwa Naukowo-Techniczne,c1972. a334 strony :bilustracje ;c27 cm. aTekstbtxt2rdacontent aBez urządzenia pośredniczącegobn2rdamedia aWoluminbnc2rdacarrier aKsiążki aPublikacje fachowe a1901-2000 a1945-1989 aBibliografia na stronach 330-[332]. Indeks. 4aStopy (metalurgia) aInżynieria i technika 4aOdlewnictwo 4aTablice i wzory 4aMetalografia1 aPiaskowski, Jerzyd(1922-2013).eAutor1 aWojtowicz, Zdzisław.eAutor2 aWydawnictwa Naukowo-Techniczne4pbl. uhttp://koha.tu.koszalin.pl/cgi-bin/koha/opac-detail.pl?biblionumber=14463yKatalog online BPK